Normal view
MARC view
- Telecommunication
Entry Topical Term
001 - CONTROL NUMBER
- control field: 104408
003 - CONTROL NUMBER IDENTIFIER
- control field: NUST
005 - DATE AND TIME OF LATEST TRANSACTION
- control field: 20221208101019.0
008 - FIXED-LENGTH DATA ELEMENTS
- fixed length control field: 221208|| aca||aabn | a|a d
040 ## - CATALOGING SOURCE
- Original cataloging agency: NUST
- Transcribing agency: NUST
150 ## - HEADING--TOPICAL TERM
- Topical term or geographic name entry element: Telecommunication
- General subdivision: Reliability
670 ## - SOURCE DATA FOUND
- Source citation: Work cat.: (NUST)182552: Oodan, A. P. 97397, Quality of service in telecommunications /, c1997.
